| 000 | 00405nam a22001217a 4500 | ||
|---|---|---|---|
| 082 | _aTHE 200 | ||
| 100 |
_aNOMAN YOUNIS _972649 |
||
| 245 | _aTH-SOF-0980-OPTIMIZATION OF LOCATION AWARE ROUTING PROTOCOLS FORB WIRELESS ADHOC TACTICAL NETWORKS | ||
| 260 |
_aNUST COLLEGE OF EME _bISLAMABAD _c2001 |
||
| 650 |
_a MS-COMPUTER ENGINEERING-65 MSTHESIS _970198 |
||
| 700 |
_aDR SHOAB A KHAN _918474 |
||
| 942 | _cCF | ||
| 999 |
_c578650 _d578650 |
||